Cestovné náhrady
Vznik nároku na cestovné náhrady zamestnancovi, ktorý bol svojím zamestnávateľom vyslaný na pracovnú cestu. Pracovná cesta a jej priebeh, vyslanie zamestnanca na pracovnú cestu a podmienky pracovnej cesty. Zhrnutie opatrení v oblasti cestovných náhrad a ich dosah v dôsledku pandémie ochorenia COVID‑...
Uložené v:
| Hlavný autor: | |
|---|---|
| Médium: | Kapitola |
| Jazyk: | Slovak |
| Predmet: | |
| Tagy: |
Žiadne tagy, Buďte prvý, kto otaguje tento záznam!
|
MARC
| LEADER | 00000naa a2200000 4500 | ||
|---|---|---|---|
| 001 | 0277175 | ||
| 005 | 20210714214712.9 | ||
| 041 | 0 | |a slo | |
| 044 | |a SK | ||
| 245 | 1 | 0 | |a Cestovné náhrady |c Ľuboslava Minková |
| 520 | |a Vznik nároku na cestovné náhrady zamestnancovi, ktorý bol svojím zamestnávateľom vyslaný na pracovnú cestu. Pracovná cesta a jej priebeh, vyslanie zamestnanca na pracovnú cestu a podmienky pracovnej cesty. Zhrnutie opatrení v oblasti cestovných náhrad a ich dosah v dôsledku pandémie ochorenia COVID‑19 spôsobeného novým koronavírusom. | ||
| 610 | 2 | 0 | |a cesty pracovné |
| 610 | 2 | 0 | |a náhrada cestovného |
| 610 | 2 | 0 | |a zamestnanci |
| 610 | 2 | 0 | |a zákonník práce |
| 610 | 2 | 0 | |a vzťahy pracovnoprávne |
| 610 | 2 | 0 | |a pandémia |
| 610 | 2 | 0 | |a koronavírus |
| 100 | 1 | |a Minková, Ľuboslava | |